Statistics for Portland Trail Blazers: Top 10 All-Time Leaders

Click here to take the quiz!

General Stats

  • This quiz has been taken 371 times
    (14 since last reset)
  • The average score is 46 of 102

Answer Stats

Category#PlayerAmount% Correct
Points1Damian Lillard19,376
100%
Games3Damian Lillard769
100%
Steals6Damian Lillard732
100%
Three Pointers Made1Damian Lillard2,387
100%
Triple-DoublesT6Damian Lillard3
100%
Points Per Game1Damian Lillard25.2
100%
Assists2Damian Lillard5,151
100%
Points2Clyde Drexler18,040
93%
Steals1Clyde Drexler1,795
93%
Three Pointers Made10Clyde Drexler464
93%
Points Per Game5Clyde Drexler20.8
93%
Assists3Clyde Drexler4,933
93%
Games1Clyde Drexler867
93%
Blocks7Clyde Drexler594
93%
Triple-Doubles1Clyde Drexler18
93%
Rebounds2Clyde Drexler5,339
93%
Points3LaMarcus Aldridge12,562
79%
Rebounds1LaMarcus Aldridge5,434
79%
Points Per Game7LaMarcus Aldridge19.4
79%
Blocks4LaMarcus Aldridge658
79%
Games5LaMarcus Aldridge648
79%
Blocks8Bill Walton533
71%
Triple-Doubles4Bill Walton5
71%
Points Per Game8Brandon Roy19.0
64%
Games9CJ McCollum564
64%
Assists8CJ McCollum1,892
64%
Points5CJ McCollum10,710
64%
Assists1Terry Porter5,319
64%
Points4Terry Porter11,330
64%
Games4Terry Porter758
64%
Triple-DoublesT2Terry Porter7
64%
Three Pointers Made4Terry Porter773
64%
Steals2Terry Porter1,182
64%
Rebounds5Buck Williams4,861
57%
Field Goal Percent5Buck Williams55.0%
57%
Games10Buck Williams557
57%
Points Per Game9CJ McCollum19.0
57%
Three Pointers Made2CJ McCollum1,297
57%
Rebounds7Rasheed Wallace3,797
57%
Blocks3Rasheed Wallace693
57%
Rebounds8Arvydas Sabonis3,436
50%
Blocks9Arvydas Sabonis494
50%
Steals10Damon Stoudamire556
50%
Triple-DoublesT6Damon Stoudamire3
50%
Assists4Damon Stoudamire3,018
50%
Three Pointers Made7Damon Stoudamire717
50%
Triple-DoublesT8John Johnson2
50%
Field Goal Percent8Steve Johnson54.0%
50%
Assists10Jerome Kersey1,762
43%
Rebounds3Jerome Kersey5,078
43%
Points7Jerome Kersey10,067
43%
Games2Jerome Kersey831
43%
Steals3Jerome Kersey1,059
43%
Blocks6Jerome Kersey622
43%
Three Pointers Made6Anfernee Simons745
36%
Games6Clifford Robinson644
36%
Rebounds10Clifford Robinson3,352
36%
Three Pointers MadeT8Clifford Robinson492
36%
Steals7Clifford Robinson696
36%
Points6Clifford Robinson10,405
36%
Blocks2Clifford Robinson726
36%
Points Per Game6Jerami Grant20.7
29%
Steals8Lionel Hollins598
29%
Rebounds4Mychal Thompson4,878
29%
Points10Mychal Thompson9,215
29%
Assists9Mychal Thompson1,848
29%
Blocks1Mychal Thompson768
29%
Triple-DoublesT8Mychal Thompson2
29%
Triple-Doubles5Nicolas Batum4
29%
Three Pointers Made5Nicolas Batum751
29%
Assists5Rod Strickland2,573
29%
Triple-DoublesT8Rod Strickland2
29%
Three Pointers Made3Wesley Matthews826
29%
Points9Geoff Petrie9,732
21%
Points Per Game4Geoff Petrie21.8
21%
Assists6Geoff Petrie2,057
21%
Assists7Jim Paxson2,007
21%
Points8Jim Paxson10,003
21%
Games7Jim Paxson627
21%
Steals4Jim Paxson857
21%
Steals9Bob Gross593
14%
Points Per Game2Kiki Vandeweghe23.5
14%
Field Goal Percent9Kiki Vandeweghe52.6%
14%
Points Per Game10Calvin Natt17.2
7%
Field Goal Percent7Calvin Natt54.3%
7%
Blocks5Joel Przybilla623
7%
Field Goal Percent1Joel Przybilla57.4%
7%
Rebounds9Lloyd Neal3,370
7%
Field Goal Percent6Robin Lopez54.5%
7%
Triple-DoublesT2Sidney Wicks7
7%
Rebounds6Sidney Wicks4,086
7%
Points Per Game3Sidney Wicks22.3
7%
Triple-DoublesT8Dale Schlueter2
0%
Field Goal Percent4Dave Twardzik55.2%
0%
Triple-DoublesT8Evan Turner2
0%
Field Goal Percent2J.J. Hickson55.8%
0%
Field Goal Percent10Kenny Carr52.4%
0%
Field Goal Percent3Kermit Washington55.6%
0%
Games8Larry Steele610
0%
Steals5Larry Steele846
0%
Three Pointers MadeT8Steve Blake492
0%
Blocks10Wayne Cooper425
0%

Score Distribution

Percentile by Number Answered

Percent of People with Each Score

Your Score History

You have not taken this quiz since the last reset